| 000 | 00728nam a2200241Ia 4500 | ||
|---|---|---|---|
| 003 | OSt | ||
| 005 | 20220925221515.0 | ||
| 006 | a|||||r|||| 00| 0 | ||
| 007 | ta | ||
| 008 | 220923b |||||||| |||| 00| 0 eng d | ||
| 037 | _cGeneral Book | ||
| 040 |
_aRTL _cRTL _beng |
||
| 041 |
_2eng _aeng |
||
| 082 | _aU:(G:55), L8 | ||
| 100 |
_aBennett R J _9255917 |
||
| 245 | 0 |
_aEnvironmental systems _bPhilosophy analysis and cont |
|
| 260 |
_aLondon _bMethnen UK _c1978 |
||
| 300 |
_axii,624p. Bib p. 566-65,Appendix p. 554-65 _ccm. |
||
| 650 |
_aGeography- Environment _9229896 |
||
| 700 |
_a Horley R J _9286585 |
||
| 942 |
_hU:(G:55), L8 _cGB _2CC |
||
| 999 |
_c574466 _d574466 |
||